000 01028naa a22002897a 4500
001 BR9509823
003 BR-BrBNA
005 20240918181524.0
007 ta
008 230509b bl.||||| |||| 00| 0 por d
040 _aBR-BrBNA
_bpor
_cBiblioteca Nacional de Agricultura
041 _a(Pt)
072 _aF06
090 _aF06 BR9509823
100 1 _aCarmo, D.A.S.
111 1 _a7. Simposio sobre o Cerrado
_cBrasilia, DF (Brazil)
_d4-7 Apr 1989
245 1 _aAlgumas consideracoes sobre agricultura irrigada na regiao dos cerrados
260 3 _aPlanaltina, DF (Brasil):
_c1995.
500 _a7. Simposio sobre o Cerrado. Estrategias de utilizacao. Anais Planaltina, DF (Brasil): 1995. p. 87-97 (BR9509823-AM)F06
650 _aIrrigacao
650 _aAgua de Irrigacao
650 _aManejo
650 _aCerrado
773 0 _t7. Simposio sobre o Cerrado. Estrategias de utilizacao. Anais
_wF06 BR9509823
_gPlanaltina, DF (Brasil), 1995. p. 87-97
909 _a202404
_bLucia
_c55
_dLucia Elande
942 _cAM
_2AGRIS
999 _c325648
_d325648